Statistics for City by Mountain

Click here to take the quiz!

General Stats

  • This quiz has been taken 595 times
  • The average score is 5 of 14

Answer Stats

Mountain City % Correct
Mount FujiTokyo
97%
Mount RainierSeattle
72%
SugarloafRio de Janeiro
56%
Mount HoodPortland
45%
Lion's HeadCape Town
40%
Arthur's Seat (Europe)Edinburgh
35%
Diamond HeadHonolulu
32%
TlalocMexico City
30%
HymettusAthens
24%
Tai Mo ShanHong Kong
23%
Stone MountainAtlanta
22%
BukhansanSeoul
16%
TupungatoSantiago
15%
EsjaReykjavik
13%

Score Distribution

Percentile by Number Answered

Percent of People with Each Score

Your Score History

You have not taken this quiz